Eastern Utah Libraries Catalog: Duchesne, Heber, Roosevelt, & Vernal

Treasure in the lake / (Record no. 375604)

MARC details
000 -LEADER
fixed length control field 03590cam a2200697 i 4500
001 - CONTROL NUMBER
control field 21922253
005 - DATE AND TIME OF LATEST TRANSACTION
control field 20220719154737.0
008 - FIXED-LENGTH DATA ELEMENTS--GENERAL INFORMATION
fixed length control field 210302s2021 nyua j 6 000 1 eng d
010 ## - LIBRARY OF CONGRESS CONTROL NUMBER
LC control number 2021934291
020 ## - INTERNATIONAL STANDARD BOOK NUMBER
International Standard Book Number 9780063065185
Qualifying information (trade)
020 ## - INTERNATIONAL STANDARD BOOK NUMBER
International Standard Book Number 0063065185
Qualifying information (trade)
020 ## - INTERNATIONAL STANDARD BOOK NUMBER
International Standard Book Number 9780063065178
Qualifying information (paperback)
020 ## - INTERNATIONAL STANDARD BOOK NUMBER
International Standard Book Number 0063065177
Qualifying information (paperback)
035 ## - SYSTEM CONTROL NUMBER
System control number (OCoLC)on1266270493
040 ## - CATALOGING SOURCE
Original cataloging agency ICrlF
Language of cataloging eng
Transcribing agency FMG
Description conventions rda
Modifying agency FMG
-- JAS
-- OCLCO
-- OQX
-- YDX
-- BDX
-- SDG
-- OCLCO
-- UAP
-- OI6
-- JTH
-- OCLCO
-- OCLCF
-- TCH
-- DLC
042 ## - AUTHENTICATION CODE
Authentication code lccopycat
050 00 - LIBRARY OF CONGRESS CALL NUMBER
Classification number PZ7.7.P165
Item number Tre 2021
082 04 - DEWEY DECIMAL CLASSIFICATION NUMBER
Classification number 741.5/994
Edition number 23
092 ## - LOCALLY ASSIGNED DEWEY CALL NUMBER (OCLC)
Classification number junior graphic
Item number Pamment
100 1# - MAIN ENTRY--PERSONAL NAME
Personal name Pamment, Jason,
Relator term author,
-- illustrator.
9 (RLIN) 6451939
245 10 - TITLE STATEMENT
Title Treasure in the lake /
Statement of responsibility, etc Jason Pamment.
250 ## - EDITION STATEMENT
Edition statement First edition.
264 #1 - Production, Publication, Distribution, Manufacture, and Copyright Notice.
Place of production, publication, distribution, manufacture New York, NY :
Name of producer, publisher, distributor, manufacturer HarperAlley, an imprint of HarperCollins Publishers,
Date of production, publication, distribution, manufacture, or copyr [2021]
264 #4 - Production, Publication, Distribution, Manufacture, and Copyright Notice.
Date of production, publication, distribution, manufacture, or copyr ©2021
300 ## - PHYSICAL DESCRIPTION
Extent 197 pages :
Other physical details illustrations (chiefly color) ;
Dimensions 23 cm
336 ## - Content Type
Content type term text
336 ## - Content Type
Content type term still image
337 ## - Media type
Media type term unmediated
338 ## - Carrier type
Carrier type term volume
520 ## - SUMMARY, ETC.
Summary, etc "Grand adventure stories often begin where you least expect, Iris knows this because she's read them all. However, as a thirteen-year-old stuck in the tiny country town of Bugden, real adventure seems a distant dream. That doesn't bother Sam, Iris' best friend. For him, catching bugs and swimming in the lake is exciting enough. But when Iris and Sam stumble upon an unusually dry river on the outskirts of town, they're led to a discovery beyond anything Iris has read about: a hidden city, lost in time and shrouded in mystery. As they explore this once flooded relic, the two unearth a forgotten tale of friendship and disaster that seems curiously familiar. Storm clouds gather as secrets begin to surface. Can Iris and Sam uncover the truth in time to keep their friendship afloat, or will history repeat and pull them apart forever?"--Provided by publisher.
650 #0 - SUBJECT ADDED ENTRY--TOPICAL TERM
Topical term or geographic name as entry element Lakes
Form subdivision Comic books, strips, etc.
9 (RLIN) 6451940
650 #0 - SUBJECT ADDED ENTRY--TOPICAL TERM
Topical term or geographic name as entry element Friendship
Form subdivision Comic books, strips, etc.
9 (RLIN) 5688309
650 #0 - SUBJECT ADDED ENTRY--TOPICAL TERM
Topical term or geographic name as entry element Secrecy
Form subdivision Comic books, strips, etc.
9 (RLIN) 6369712
650 #0 - SUBJECT ADDED ENTRY--TOPICAL TERM
Topical term or geographic name as entry element Lakes
Form subdivision Juvenile fiction.
9 (RLIN) 5701335
650 #0 - SUBJECT ADDED ENTRY--TOPICAL TERM
Topical term or geographic name as entry element Friendship
Form subdivision Juvenile fiction.
9 (RLIN) 5673647
650 #0 - SUBJECT ADDED ENTRY--TOPICAL TERM
Topical term or geographic name as entry element Secrecy
Form subdivision Juvenile fiction.
9 (RLIN) 5673924
650 #0 - SUBJECT ADDED ENTRY--TOPICAL TERM
Topical term or geographic name as entry element Adventure stories
Form subdivision Comic books, strips, etc.
9 (RLIN) 6355042
650 #0 - SUBJECT ADDED ENTRY--TOPICAL TERM
Topical term or geographic name as entry element Adventure stories
Form subdivision Juvenile fiction.
9 (RLIN) 5766234
650 #1 - SUBJECT ADDED ENTRY--TOPICAL TERM
Topical term or geographic name as entry element Lakes
Form subdivision Fiction.
9 (RLIN) 6414116
650 #1 - SUBJECT ADDED ENTRY--TOPICAL TERM
Topical term or geographic name as entry element Friendship
Form subdivision Fiction.
9 (RLIN) 5673769
650 #1 - SUBJECT ADDED ENTRY--TOPICAL TERM
Topical term or geographic name as entry element Secrets
Form subdivision Fiction.
9 (RLIN) 5673929
650 #1 - SUBJECT ADDED ENTRY--TOPICAL TERM
Topical term or geographic name as entry element Adventure and adventurers
Form subdivision Fiction.
9 (RLIN) 102533
650 #1 - SUBJECT ADDED ENTRY--TOPICAL TERM
Topical term or geographic name as entry element Coming of age
Form subdivision Fiction.
9 (RLIN) 5678662
650 #1 - SUBJECT ADDED ENTRY--TOPICAL TERM
Topical term or geographic name as entry element Cartoons and comics.
650 #7 - SUBJECT ADDED ENTRY--TOPICAL TERM
Topical term or geographic name as entry element JUVENILE FICTION / Comics & Graphic Novels / Action & Adventure.
Source of heading or term bisacsh
9 (RLIN) 5739125
650 #7 - SUBJECT ADDED ENTRY--TOPICAL TERM
Topical term or geographic name as entry element JUVENILE FICTION / Social Themes / Friendship.
Source of heading or term bisacsh
9 (RLIN) 5715225
650 #7 - SUBJECT ADDED ENTRY--TOPICAL TERM
Topical term or geographic name as entry element JUVENILE FICTION / Science & Nature / Environment.
Source of heading or term bisacsh
9 (RLIN) 5771014
650 #7 - SUBJECT ADDED ENTRY--TOPICAL TERM
Topical term or geographic name as entry element Adventure stories.
Source of heading or term fast
650 #7 - SUBJECT ADDED ENTRY--TOPICAL TERM
Topical term or geographic name as entry element Friendship.
Source of heading or term fast
650 #7 - SUBJECT ADDED ENTRY--TOPICAL TERM
Topical term or geographic name as entry element Lakes.
Source of heading or term fast
650 #7 - SUBJECT ADDED ENTRY--TOPICAL TERM
Topical term or geographic name as entry element Secrecy.
Source of heading or term fast
655 #0 - INDEX TERM--GENRE/FORM
Genre/form data or focus term Cartoons and comics.
9 (RLIN) 5691850
655 #7 - INDEX TERM--GENRE/FORM
Genre/form data or focus term Action and adventure comics.
Source of term fast
9 (RLIN) 5716592
655 #7 - INDEX TERM--GENRE/FORM
Genre/form data or focus term Comics (Graphic works)
Source of term fast
9 (RLIN) 5689343
655 #7 - INDEX TERM--GENRE/FORM
Genre/form data or focus term Coming-of-age comics.
Source of term fast
9 (RLIN) 5801747
655 #7 - INDEX TERM--GENRE/FORM
Genre/form data or focus term Graphic novels.
Source of term fast
655 #7 - INDEX TERM--GENRE/FORM
Genre/form data or focus term Graphic novels.
Source of term lcgft
655 #7 - INDEX TERM--GENRE/FORM
Genre/form data or focus term Action and adventure comics.
Source of term lcgft
9 (RLIN) 5716592
655 #7 - INDEX TERM--GENRE/FORM
Genre/form data or focus term Coming-of-age comics.
Source of term lcgft
9 (RLIN) 5801747
942 ## - ADDED ENTRY ELEMENTS (KOHA)
Source of classification or shelving scheme Dewey Decimal Classification
Koha item type BOOK
Holdings
Withdrawn status Lost status Source of classification or shelving scheme Damaged status Not for loan Collection code Home library Current library Shelving location Date acquired Source of acquisition Total Checkouts Total Renewals Full call number Barcode Date last seen Date checked out Cost, replacement price Price effective from Koha item type
    Dewey Decimal Classification     Junior Graphic Novels Wasatch County Library Wasatch County Library First Floor 07/19/2022 Amazon 26 21 J GN Pamment 34301001848144 12/14/2025 12/04/2025 22.99 07/19/2022 BOOK
    Dewey Decimal Classification     Junior Graphic Novels Wasatch County Library Wasatch County Library First Floor 09/01/2022 Penworthy 22 21 J GN Pamment 34301001862095 02/19/2026 02/18/2026 25.96 09/01/2022 BOOK
This project was made possible through a grant from the Institute of Museum and Library Service administered by the Utah State Library Division.

Wasatch County Library

  • 465 East 1200 South, Heber City, Utah 84032
  • Phone 435-654-1511 | Fax 435-654-6456

Hours

  • Monday - Friday 9:30 AM - 8:00 PM
  • Saturday 9:30 AM - 1:30 PM
  • Closed Sundays and Holidays